Titian's women

Saved in:
Bibliographic Details
Main Author: Goffen, Rona (Author)
Other Authors: Vecellio, Tiziano (Illustrator)
Document Type: Book
Language:English
Published: New Haven [u.a.] : Yale Univ. Press , 1997
Subjects:
Online Access:Inhaltsverzeichnis
Related Items:Rezension: Titian's women, Giorgione's men?
Author Notes:Rona Goffen
LEADER 04192cam a2200781 c 4500
001 228324084
003 DE-627
005 20260613203717.0
007 tu
008 970606s1997 xxu||||| 00| ||eng c
010 |a  97007650  
016 7 |a 0300068468  |2 UK 
020 |a 0300068468  |q acid-free paper  |9 0-300-06846-8 
024 8 |a 197-7650  |q Identnummer 
035 |a (DE-627)228324084 
035 |a (DE-603)058901876 
035 |a (DE-576)061169870 
035 |a (DE-599)GBV228324084 
035 |a (OCoLC)231716272 
035 |a (OCoLC)231716272 
035 |a (OCoLC)833183323 
040 |a DE-627  |b ger  |c DE-627  |e rakwb 
041 |a eng 
044 |c XD-US  |c XA-GB 
050 0 |a ND623.T7 
082 0 |a 759.5 
084 |a 9,10  |2 ssgn 
084 |a LI 89556  |2 rvk  |0 (DE-625)rvk/97277:13284 
084 |a LI 89553  |2 rvk  |0 (DE-625)rvk/97277:13281 
084 |a LI 89559  |2 rvk  |0 (DE-625)rvk/97277:13287 
084 |a 20.31  |2 bkl 
084 |a 20.23  |2 bkl 
100 1 |a Goffen, Rona  |d 1944-2004  |0 (DE-588)133483169  |0 (DE-627)546773125  |0 (DE-576)16419276X  |4 aut 
245 1 0 |a Titian's women  |c Rona Goffen 
264 1 |a New Haven [u.a.]  |b Yale Univ. Press  |c 1997 
300 |a IX, 342 S.  |b Ill., Taf. (z.T. farb.)  |c 4° 
336 |a Text  |b txt  |2 rdacontent 
337 |a ohne Hilfsmittel zu benutzen  |b n  |2 rdamedia 
338 |a Band  |b nc  |2 rdacarrier 
500 |a Includes bibliographical references and index 
583 1 |a Archivierung/Langzeitarchivierung gewährleistet  |f SSG  |x XA-DE-BW  |2 pdager  |5 DE-16 
600 1 0 |a Titian  |d approximately 1488-1576  |x Criticism and interpretation 
600 1 7 |0 (DE-588)118622994  |0 (DE-627)133455408  |0 (DE-576)163323321  |a Vecellio, Tiziano  |d 1490-1576  |2 gnd 
650 0 |a Women in art 
650 0 7 |0 (DE-588)4037220-0  |0 (DE-627)10623871X  |0 (DE-576)209022892  |a Malerei  |2 gnd 
650 0 7 |0 (DE-588)4113617-2  |0 (DE-627)104653604  |0 (DE-576)209477962  |a Frau  |g Motiv  |2 gnd 
650 0 7 |0 (DE-588)4125057-6  |0 (DE-627)105743011  |0 (DE-576)209573368  |a Frauenbild  |2 gnd 
655 7 |a Bildband  |0 (DE-588)4145395-5  |0 (DE-627)104450835  |0 (DE-576)209741139  |2 gnd-content 
689 0 0 |d p  |0 (DE-588)118622994  |0 (DE-627)133455408  |0 (DE-576)163323321  |a Vecellio, Tiziano  |d 1490-1576  |2 gnd 
689 0 1 |d s  |0 (DE-588)4037220-0  |0 (DE-627)10623871X  |0 (DE-576)209022892  |a Malerei  |2 gnd 
689 0 2 |d s  |0 (DE-588)4113617-2  |0 (DE-627)104653604  |0 (DE-576)209477962  |a Frau  |g Motiv  |2 gnd 
689 0 |5 (DE-627) 
700 1 |a Vecellio, Tiziano  |d 1490-1576  |e Ill.  |0 (DE-588)118622994  |0 (DE-627)133455408  |0 (DE-576)163323321  |4 ill 
787 0 8 |i Rezension  |a Koos, Marianne  |t Titian's women, Giorgione's men?  |d 1998  |w (DE-627)1469449390  |w (DE-576)399449396 
856 4 2 |u http://scans.hebis.de/HEBCGI/show.pl?05890187_toc.pdf  |m V:DE-605  |q application/pdf  |3 Inhaltsverzeichnis  |7 1 
935 |i Blocktest 
936 r v |a LI 89556  |b der Künstler als Maler  |k Kunstgeschichte  |k Künstler-Monografien  |k Alphabetische Künstlerliste  |k Künstler T  |k Tiziano Vecellio (bis 89560)  |k der Künstler als Maler  |0 (DE-627)1271712946  |0 (DE-625)rvk/97277:13284  |0 (DE-576)201712946 
936 r v |a LI 89553  |b Abbildungswerke und Monographien zu einem Thema (sofern hierzu Werke des Künstlers aus zwei oder mehr Kunstgattungen - z.B. Plastik und Malerei - vorliegen)  |k Kunstgeschichte  |k Künstler-Monografien  |k Alphabetische Künstlerliste  |k Künstler T  |k Tiziano Vecellio (bis 89560)  |k Abbildungswerke und Monographien zu einem Thema (sofern hierzu Werke des Künstlers aus zwei oder mehr Kunstgattungen - z.B. Plastik und Malerei - vorliegen)  |0 (DE-627)1271874180  |0 (DE-625)rvk/97277:13281  |0 (DE-576)201874180 
936 r v |a LI 89559  |b Monographien und Bildbände zu einzelnen Kunstwerken  |k Kunstgeschichte  |k Künstler-Monografien  |k Alphabetische Künstlerliste  |k Künstler T  |k Tiziano Vecellio (bis 89560)  |k Monographien und Bildbände zu einzelnen Kunstwerken  |0 (DE-627)1270893912  |0 (DE-625)rvk/97277:13287  |0 (DE-576)200893912 
936 b k |a 20.31  |j Bildende Künstler  |0 (DE-627)181571080 
936 b k |a 20.23  |j Mensch  |x Ikonographie  |0 (DE-627)106406337 
936 s n |a l300  |2 mzub 
951 |a BO 
990 |a Vecellio, Tiziano 
990 |a Malerei 
990 |a Frau 
991 |a Rezensiertes Werk 
999 |a KXP-PPN228324084  |e 4003380398